000 00762cam a2200205 4500
001 WB3912-19
008 030325n2003 000 0 eng u
035 _a(Sirsi) u121724
245 _aRICS opens CAP resource centre
260 _c2003
490 _aRICS Rural Faculty News
_v 24 March 2003 (1)
520 _aRICS Rural Faculty has launched a Resource Centre http://www.rics.org/rural/cap.html to provide information on the Common Agricultural Policy (CAP) and the current reform process. Log on for RICS CAP professional updates, policy submissions and links to related information.
590 _aWB
650 _aCOMMON AGRICULTURAL POLICY
650 _aREFORM
650 _aRURAL POLICY
650 _aRICS
690 _aRural
_96268
942 _n0
999 _c72340
_d72340